000 00327pab a2200133 454500
008 180718b1987 xxu||||| |||| 00| 0 eng d
245 _aSpecial issue on urbanisation and industrialisation
260 _c1987
300 _a3-95
362 _aDec.
650 _aUrbanisation - India
773 _aSocial Change
909 _a20196
999 _c20196
_d20196